000 00927nam a2200229 a 4500
001 47229
003 BD-RjUL
005 20211209054259.0
008 160807r20011990bg ||||| |||| 00| 0 ben d
035 _a(BD-RjUL)47348
040 _aBD-RjUL
_bben
_cBD-RjUL
041 _aben
082 _223
_a351
_bRAA 2001
100 1 _aরহমান, মোহাম্মদ শামসুর
_9117248
245 1 0 _aআধুনিক লোক প্রশাসন :
_bতাত্ত্বিক ও ব্যবহারিক /
_cমোহাম্মদ শামসুর রহমান,
250 _a২য় সং
260 _aঢাকা :
_bবাংলা একাডেমী,
_c১৯৯০[পুনমুদ্রন ২০০১]
300 _a৭১৪ পৃ. ;
_c২১ সেমি.
650 _aলোকপ্রশাসন
_9143790
650 _aPublic administration
_9143791
942 _2ddc
_cBK
_01
999 _c47229
_d47229